000 00300nam a2200121Ia 4500
008 190216s9999||||xx |||||||||||||| ||und||
100 _aGupta R R & Gupta V S
245 0 _aIncome Tax Law And Practice
260 _bNm Thripathi Pvt Ltd
_c1979
300 _a505p
650 _aCommerce
942 _cBK
999 _c4398
_d4398